[Event "Montigny le Bretonneux op 21st"]
[Site "Montigny le Bretonneux"]
[Date "2023.10.21"]
[Round "1"]
[White "Gazay, Didier"]
[Black "Montay, Jean Paul"]
[Result "1/2-1/2"]
[WhiteElo "1568"]
[BlackElo "1313"]
[PlyCount "99"]
[EventDate "2023.10.21"]
[EventType "swiss"]
[EventRounds "7"]
[EventCountry "FRA"]
[SourceTitle "Mega2024 Update 01"]
[Source "Chessbase"]
[SourceDate "2023.11.12"]
[SourceVersion "1"]
[SourceVersionDate "2023.11.12"]
[SourceQuality "1"]

1. c4 e5 2. g3 Nc6 3. Nc3 b6 4. Bg2 Bb7 5. e4 Nf6 6. Nge2 Rb8 7. 0-0 d6 8. d3 Be7 9. h3 0-0 10. Be3 h6 11. Qd2 Nh7 12. Nd5 Bf6 13. b4 Nd4 14. Nxf6+ Qxf6 15. Bxd4 exd4 16. b5 c5 17. bxc6 Bxc6 18. e5 dxe5 19. Bxc6 Qxc6 20. a4 Ng5 21. f4 Nf3+ 22. Rxf3 Qxf3 23. Rf1 Qe3+ 24. Qxe3 dxe3 25. fxe5 Rbc8 26. Rf3 Rc5 27. Rxe3 Re8 28. Nc3 Rcxe5 29. Rxe5 Rxe5 30. Kf2 f5 31. d4 Re8 32. Kf3 Re1 33. Ne2 Ra1 34. Ke3 Rxa4 35. Kd3 Kf7 36. d5 Ke7 37. Nd4 g6 38. Nb5 a6 39. Na7 Ra3+ 40. Kd4 Kd7 41. Nc6 Kd6 42. Ne5 Rxg3 43. Nf7+ Ke7 44. Ne5 a5 45. c5 bxc5+ 46. Kxc5 Rc3+ 47. Kd4 Ra3 48. Kc5 Rc3+ 49. Kd4 Ra3 50. Kc5 1/2-1/2